Treinta y dos años de investigación sistemática y transferencia tecnológica del cultivo de café en Costa Rica: 1950-1982
Kaydedildi:
| Yazar: | |
|---|---|
| Müşterek Yazar: | |
| Materyal Türü: | Metin |
| Baskı/Yayın Bilgisi: |
San José:
Oficina del Café
|
| Etiketler: |
Etiketle
Etiket eklenmemiş, İlk siz ekleyin!
|
MARC
| LEADER | 00000 a a2200000 04500 | ||
|---|---|---|---|
| 001 | 20966 | ||
| 003 | |||
| 040 | |||
| 090 | |a 090100 | ||
| 100 | |a Perez Solano, Víctor | ||
| 110 | |a Oficina del Café | ||
| 245 | |a Treinta y dos años de investigación sistemática y transferencia tecnológica del cultivo de café en Costa Rica: 1950-1982 | ||
| 260 | |a San José: |b Oficina del Café | ||
| 300 | |a 31 p. | ||
| 999 | |c 6120 |d 6120 | ||
